[Event "Paris Immopar rapid"]
[Site "Paris"]
[Date "1992.??.??"]
[Round "2"]
[White "Anand, Viswanathan"]
[Black "Shirov, Alexei"]
[Result "1-0"]
[WhiteElo "2690"]
[BlackElo "2710"]
[Annotator "Anand,V"]
[PlyCount "87"]
[EventDate "1992.11.??"]
[EventType "k.o. (rapid)"]
[EventRounds "4"]
[EventCountry "FRA"]
[SourceTitle "CBM 033"]
[Source "ChessBase"]
[SourceDate "1993.04.01"]
[SourceVersion "1"]
[SourceVersionDate "1993.04.01"]
[SourceQuality "1"]

1. e4 {Boensch} c5 2. Nf3 d6 3. d4 cxd4 4. Nxd4 Nf6 5. Nc3 Nc6 6. Bg5 e6 7. Qd2
a6 8. O-O-O h6 9. Be3 Qc7 (9... Nxd4 {After my exertions against Ivanchuk I
was looking forward to this but}) (9... Be7 {Boensch - Ehlvest,J-Serper CBM 33}
) (9... Nxd4 {Boensch - Adams,M-Anand,V CBM 33}) 10. f3 (10. f4 $5 {Boensch})
10... Rb8 {Alexei doesn't believe in Ahimsa!} 11. g4 Ne5 (11... Nxd4 {Boensch}
12. Bxd4 b5 13. e5 Nd7 (13... dxe5 14. Bxe5 $18) 14. exd6 Bxd6 15. Ne4 (15.
Bxg7 $2 Bf4 $19) 15... Bf4 16. Be3 Bxe3 17. Qxe3 O-O $14 {Chiburdanidze,
M-Gaprindashvili,N Picunda m/11 1978 0-1 40}) (11... b5 $5 {Boensch}) 12. h4 b5
13. Qg2 {White must be quick to exploit Black's underdevelopment} b4 14. Nb1
Nc4 15. Bxc4 Qxc4 16. g5 Nd7 17. b3 (17. g6 {is also possible but I didn't see
the need to give up pawns...yet!}) 17... Qc7 18. g6 Nc5 19. gxf7+ (19. Nd2 f6)
19... Qxf7 20. Nd2 e5 (20... Be7 21. Nc6 $16) (20... Bb7 {Boensch} 21. Nc4 Rd8
22. Na5 Ba8 23. Nac6 $18) 21. Nc6 Rb6 22. Na5 (22. Bxc5 $1 Rxc6 (22... dxc5 23.
Nxe5 Qe6 24. Nec4 $18) 23. Bxb4 Be6 $16) 22... Rb5 23. Ndc4 Be6 24. Kb1 $2 {
I wanted to play Rd6 after Be7 and I was rudely woken up by...} (24. Rxd6 $1 {
simplest} Rxa5 25. Rxe6+ Nxe6 26. Nxa5 Bc5 $16 {Black has very little
compensation}) 24... Qc7 $1 25. f4 Rxa5 26. Nxa5 Qxa5 27. fxe5 dxe5 28. Qg6+
Ke7 29. Rd2 (29. h5 $1 {Boensch /\ Bf2-h4}) 29... Qc7 $2 (29... Nd7 30. Rf1 Qc7
) 30. Rf1 $4 (30. Bxc5+ $1 Qxc5 31. Rhd1 {/\Rd8} Qc6 {I had seen this far and
didn't see what to do.} (31... h5 32. Qg5+ Kf7 33. Rf1+ $18) 32. h5 $1 {
This I had not seen} (32. Rd8 {is met by} Bd5 $1) 32... Qe8 $8 (32... Rg8 33.
Rd8 {now Black can mark time with his a-pawn.} a5 34. R1d3 (34. R1d6 $2 Qxd6
35. Qe8+ Kf6 36. Rxd6 Bxd6 $19 {as the rook is protected}) 34... a4 35. Kc1
axb3 36. axb3 Rh8 (36... Qb5 37. R8d6 Bc8 38. R6d5 $18) 37. R3d6 Qxd6 38. Qe8+
$1 Kf6 39. Rxd6 Bxd6 40. Qg6+ $1 Ke7 41. Qxg7+ $18) 33. Qg1 $1 $40 Qxh5 34.
Qc5+ Kf6 35. Rf1+ Kg6 36. Rxf8 Rxf8 37. Qxf8 Qh1+ 38. Kb2 Qxe4 39. Qe8+ $1)
30... Nd7 31. Rdf2 Qd6 32. Kc1 a5 33. h5 Kd8 34. Rd2 Qc6 35. Kb1 {in case you
haven't noticed I am drifting!} a4 (35... Kc7 36. Rfd1 $15 (36. Qe8 {Boensch}
Rg8 $13)) 36. Bxh6 $1 Rxh6 (36... gxh6 37. Qf6+ Kc7 38. Qxh8 Bc5 39. Qxh6 $16)
37. Rxf8+ Kc7 38. Qg5 {If I had seen Bd7 I wouldn't have played this but...} (
38. Qxg7 Rxh5 39. Rf1) 38... Nxf8 39. Qxg7+ Bd7 {oops!} 40. Qxf8 Rxh5 41. Qxb4
{White should certainly be able to draw this but Alexei was in terrible
zeitnot here} Rh6 $2 42. Rd5 Qb6 43. Qc3+ Kb7 $4 (43... Bc6 44. Qxe5+ Kc8 $16)
(43... Kd8 {Boensch} 44. Qxe5 a3 $13) 44. Rxd7+ {The lovers of `Slow Chess'
must be turning in their graves but the audience seemed to enjoy it!} 1-0

[Event "Paris Immopar rapid"]
[Site "Paris"]
[Date "1992.??.??"]
[Round "4"]
[White "Anand, Viswanathan"]
[Black "Kasparov, Garry"]
[Result "0-1"]
[WhiteElo "2690"]
[BlackElo "2790"]
[Annotator "Boensch,U"]
[PlyCount "66"]
[EventDate "1992.11.??"]
[EventType "k.o. (rapid)"]
[EventRounds "4"]
[EventCountry "FRA"]
[SourceTitle "CBM 033"]
[Source "ChessBase"]
[SourceDate "1993.04.01"]
[SourceVersion "1"]
[SourceVersionDate "1993.04.01"]
[SourceQuality "1"]

1. e4 c5 2. Nf3 d6 3. d4 cxd4 4. Nxd4 Nf6 5. Nc3 a6 6. f4 Qc7 (6... Nbd7 {
- Polgar,J-Sadler,M Hastings (06) 1992 -CBM 33}) 7. a4 g6 8. Bd3 Bg7 9. Nf3 Nc6
(9... Nbd7 10. O-O e6 11. Qe1 Nc5 12. e5 dxe5 13. fxe5 Nfd7 14. Bf4 O-O 15. Kh1
b6 16. Qh4 Bb7 $10 {Ansell,S-James,D BCF-ch (7) 1992 1/2 62}) 10. O-O Bg4 11.
Qe1 O-O (11... Bxf3 12. Rxf3 Nb4 13. Kh1 Nd7 14. Nd5 Nxd5 15. exd5 Nc5 16. Bf1
O-O 17. Raa3 $14 {Dolmatov,S-Polugaevski,L Moskow 1986 1/2 51}) 12. Qh4 Bxf3
13. Rxf3 e6 14. Be3 Qd8 $1 15. Raf1 $2 (15. Rd1 $10) 15... d5 $1 16. f5 $2 (16.
exd5 Nxd5 17. Qxd8 Rfxd8 18. Nxd5 Rxd5 $15) 16... dxe4 $19 17. Rh3 (17. Nxe4
Nxe4 18. Qxd8 Raxd8 19. Bxe4 gxf5 $19) 17... exf5 18. Bxe4 Re8 19. Bxf5 gxf5
20. Rxf5 Rxe3 $1 21. Rxe3 Qb6 22. Qf2 Ng4 23. Re8+ Rxe8 24. Qxb6 Bd4+ 25. Qxd4
Re1+ 26. Rf1 Rxf1+ 27. Kxf1 Nxd4 28. Ne4 Nxc2 29. Nc5 b5 30. a5 Nb4 31. h3 Ne3+
32. Ke2 Nc4 33. b3 Nxa5 {Boensch} 0-1

[Event "Paris Immopar rapid"]
[Site "Paris"]
[Date "1992.??.??"]
[Round "4"]
[White "Anand, Viswanathan"]
[Black "Kasparov, Garry"]
[Result "1-0"]
[WhiteElo "2690"]
[BlackElo "2790"]
[Annotator "Boensch,U"]
[PlyCount "77"]
[EventDate "1992.11.??"]
[EventType "k.o. (rapid)"]
[EventRounds "4"]
[EventCountry "FRA"]
[SourceTitle "CBM 033"]
[Source "ChessBase"]
[SourceDate "1993.04.01"]
[SourceVersion "1"]
[SourceVersionDate "1993.04.01"]
[SourceQuality "1"]

1. e4 {Anand} c5 2. Nf3 d6 3. d4 cxd4 4. Nxd4 Nf6 5. Nc3 a6 6. f4 e6 7. Qf3 (7.
Bd3 b5 $1 8. e5 $6 dxe5 9. fxe5 Nd5 $15 {De Firmian,N-Polugaevsky,L/Biel/1989/
/}) 7... Qb6 (7... Nbd7 8. g4 h6 9. Be2 Qb6 10. Nb3 Qc7 11. Qg2 Rb8 12. Be3 b5
13. g5 hxg5 14. fxg5 Nh5 15. g6 Ne5 16. gxf7+ Qxf7 17. Rf1 Qg6 18. Qxg6+ Nxg6
$13 {Short - Kasparov, Belgrad 1989}) 8. a3 (8. Nb3 $5 Qc7 9. g4 $36) 8... Nbd7
(8... h5 $6 $146 9. Nb3 Nbd7 10. Bd3 Qc7 11. Bd2 b5 12. O-O-O Bb7 13. Rhe1 Be7
14. Kb1 Rb8 15. Qg3 h4 16. Qh3 e5 17. g4 $1 $16 {Chandler,M-Suba,M Walsall (4)/
1992/1-0/48/ -CBM 32}) (8... Nc6 $5 9. Nb3 (9. Nxc6 bxc6 10. b3 (10. g4 g6 11.
g5 Nd7 12. b3 Bg7 (12... h6 13. Bb2 Rh7 14. Na4 Qc7 15. h4 hxg5 16. fxg5 Be7
17. Qg3 Bb7 18. O-O-O O-O-O 19. Bc3 Re8 20. Kb2 d5 21. Qxc7+ Kxc7 22. Bg2 Nc5
23. Be5+ Bd6 24. Bxd6+ Kxd6 25. e5+ {Oll,L-Stohl,I/Manila olm/1992/1-0}) 13.
Bb2 O-O 14. O-O-O d5 15. h4 Nc5 16. h5 Ra7 17. Rd2 a5 18. e5 Rd8 19. hxg6 fxg6
20. Rdh2 Bf8 21. Nd1 a4 22. b4 Ne4 23. Bd3 c5 24. Bxe4 dxe4 25. Qe3 Rb7 26. Nf2
cxb4 27. Qxb6 Rxb6 28. Rxh7 bxa3 29. Rh8+ Kf7 30. Rxf8+ Rxf8 31. Bxa3 {Short,
N-Smirin,I/Debrecen EU-chT/1992/1/2-1/2/49/}) 10... Bb7 11. Bb2 c5 12. O-O-O
Be7 13. g4 d5 14. g5 Nxe4 15. Nxe4 dxe4 16. Qc3 Qc7 17. Qxg7 Qxf4+ 18. Kb1 Rf8
19. Rg1 Rd8 20. Rxd8+ Bxd8 21. Bc4 Qxh2 22. Rf1 Be7 23. Be5 Qd2 24. Qxh7 e3 25.
g6 e2 26. Bxe2 Qxe2 27. Rxf7 Qxe5 28. Rxe7+ Kd8 29. Rf7 Re8 30. Rxb7 Qd6 31.
Ra7 {Adams,M-Polugaevsky,L/FRA-chT/1992/1-0/}) 9... Qc7 (9... Be7 10. Bd3 Qc7
11. O-O O-O 12. Bd2 b5 13. Kh1 Bb7 14. Qh3 b4 15. axb4 Nxb4 16. Na5 Nxd3 17.
cxd3 Rac8 18. f5 exf5 19. Qxf5 Ba8 20. Nc4 Qb7 21. Bg5 Rc5 {Belotti,B-Sanchez
Almeyra,J/Biel op (06)/1992/0-1 (21)}) 10. Bd3 (10. g4 b5 11. g5 Nd7 12. Be3
Bb7 13. Bd3 Nc5 14. O-O Nxb3 15. cxb3 Be7 16. Qh3 O-O 17. Nd5 exd5 18. exd5 g6
19. Rac1 Rae8 20. dxc6 Bxc6 21. f5 Bd8 22. Qh6 {Sax,G-Wojtkiewicz,A/Debrecen
EU-chT/1992/1-0}) 10... g6 11. O-O (11. Bd2 Bg7 12. g4 b5 13. g5 Nd7 14. Qf2
Nb6 15. Qe2 Na4 16. Rb1 Nxc3 17. bxc3 O-O 18. h4 Bb7 19. h5 Rfe8 20. hxg6 hxg6
21. Rh4 Na5 22. Nxa5 Qxa5 23. Qh2 Qxa3 24. Ke2 d5 25. Rh7 dxe4 26. Bxb5 Red8
27. Rxg7+ Kxg7 28. f5 Rxd2+ 29. Kxd2 Rd8+ 30. Bd3 Rxd3+ 31. Ke2 {Lutz,C-Van
Wely,L/Debrecen EU-chT/1992/0-1}) (11. Be3 $1 Bg7 12. g4 $132) 11... Bg7 12.
Bd2 (12. Be3 O-O 13. Rae1 (13. Rad1 b5 14. Bxb5 $1 axb5 15. Nxb5 Qb8 16. Nxd6
$16) 13... b5 14. e5 $2 (14. Kh1 $1 Bb7 15. Qh3 $13) 14... dxe5 15. Bc5 Bb7 $1
16. Bxf8 Rxf8 17. Qe3 Bh6 $1 $17 18. Qh3 Bxf4 19. Kh1 Ne7 $1 20. Ne2 Ned5 21.
Qh4 Kg7 22. Nxf4 Nxf4 23. Rf2 h6 24. Kg1 Rd8 25. Nd2 $6 {25. g3! <<d5! |^} Rd4
26. Qg3 Ng4 27. Qxg4 $8 Nxd3 28. Qxd4 exd4 29. cxd3 e5 30. Nb3 {30.[]f3} Bd5
31. Rc1 {De Firmian,N-Polugaevsky,L/Biel-A/1990/0-1}) 12... O-O 13. Nd1 e5 14.
Ne3 exf4 15. Qxf4 Be6 16. Qh4 Qd8 17. Rae1 Nd7 $10 18. Qxd8 Raxd8 19. Na5 Nxa5
20. Bxa5 Rc8 21. c3 Bh6 22. Nd5 Bxd5 23. exd5 Ne5 24. Be2 Bd2 25. Rd1 Be3+ 26.
Kh1 f5 27. g3 g5 28. Bb4 Rf6 29. b3 f4 30. gxf4 gxf4 31. c4 {Short,N-Kasparov,
G/Debrecen EU-chT/1992/0-1/37}) (8... g6 9. Be2 Bg7 10. Be3 Qc7 (10... Qxb2 11.
Kd2) 11. O-O-O O-O 12. f5 Nc6 13. g4 Re8 (13... Nd7 14. Rhf1 (14. fxe6 $6 Nxd4
15. Bxd4 fxe6) 14... Nce5 15. Qg3 Re8 16. Qh4 b5 17. Bh6 Bh8 18. fxe6 fxe6 19.
Nxe6 $1 Qb7 20. Nd5 Nf6 21. Nec7 Bxg4 22. Nxe8 Bxe2 23. Nexf6+ Bxf6 24. Qxf6 {
De Firmian,N-Yudasin,L/Manila izt (09) [Boensch]/1990/1-0 (24)}) 14. g5 Nd7 15.
f6 Bf8 16. h4 Nde5 17. Qh3 b5 18. h5 b4 19. axb4 Nxb4 20. Rdf1 h6 21. Nf3 Rd8
22. Nxe5 dxe5 23. hxg6 fxg6 24. f7+ Kh7 25. Bh5 Qa5 26. Bxg6+ Kh8 27. Kb1 Nxc2
28. Qf3 Na3+ {Adams,M-Renet,O/Cannes 60'Team (1)/1992/1-0}) (8... Qxd4 $4 9.
Be3 $18) 9. Nb3 Qc7 10. g4 h6 11. h4 h5 12. g5 Ng4 13. Bd2 b5 14. Bh3 $1 $146 (
14. O-O-O Bb7 15. Kb1 Rc8 16. Be2 g6 17. Rhe1 Bg7 18. Qg3 Nb6 19. Bxg4 hxg4 20.
f5 Be5 21. Qxg4 Qe7 22. Na5 Ba8 23. fxg6 fxg6 24. Bf4 Rxc3 25. bxc3 Na4 26.
Bxe5 $18 {Adams,M-Smirin,I (2)/Tilburg/1992/1-0/38/ CBM 32}) 14... Nb6 15.
O-O-O Nc4 16. Bxg4 hxg4 17. Qxg4 Rb8 (17... g6 $2 18. h5 $16) 18. g6 a5 (18...
f6 $5 {Anand} 19. f5 a5 20. fxe6 b4 {Also came into consideration}) 19. Nd4 $1
(19. gxf7+ {Anand} Qxf7 (19... Kxf7 20. f5 $40) 20. Qe2 $1 $16) 19... b4 20.
Ncb5 Qc5 21. a4 $1 e5 22. Nf5 $16 f6 (22... Rxb5 {Anand} 23. axb5 Na3 24. c3 (
24. bxa3 b3 $19) 24... Nxb5 {with a mess}) (22... Na3 $2 {Anand} 23. Nbxd6+ $5
Kd7 24. c3) 23. Qe2 Bxf5 24. exf5 Rxb5 $1 $40 25. axb5 a4 26. Kb1 Qxb5 27. Qd3
b3 28. Ka1 (28. Bc1 {Anand} bxc2+ 29. Kxc2 (29. Qxc2 $4 Na3+ $19)) 28... Be7
29. Bc1 Kd7 30. Rh2 Rc8 31. h5 e4 (31... Qa5 {Anand /\ a3->} 32. Qd5 Rc5 33.
Qe6+ Kd8 34. Kb1) 32. Qd5 Rc5 33. Qe6+ Kd8 34. c3 a3 35. bxa3 Qa4 $2 (35... Qa6
$132) (35... Qa6 {Anand} 36. Kb1 $1 {and I don't the continuation of Black's
attack} Nxa3+ 37. Bxa3 Qxa3 38. Rb2 $1 Rxc3 39. h6 $18) 36. Rd4 $1 $18 Qa6 37.
Rxe4 Rc7 38. Qg8+ Kd7 39. Rhe2 (39. Rxe7+ {Anand} Kxe7 40. Re2+ Ne5) 1-0

[Event "Paris Immopar rapid"]
[Site "Paris"]
[Date "1992.??.??"]
[Round "4"]
[White "Kasparov, Garry"]
[Black "Anand, Viswanathan"]
[Result "1-0"]
[WhiteElo "2790"]
[BlackElo "2690"]
[Annotator "Ribli,Z"]
[PlyCount "74"]
[EventDate "1992.11.??"]
[EventType "k.o. (rapid)"]
[EventRounds "4"]
[EventCountry "FRA"]
[SourceTitle "CBM 033"]
[Source "ChessBase"]
[SourceDate "1993.04.01"]
[SourceVersion "1"]
[SourceVersionDate "1993.04.01"]
[SourceQuality "1"]

1. Nf3 d6 2. d4 Bg4 3. e4 Nf6 (3... e6 4. c4 Nf6 5. Nc3 c6 6. h3 Bh5 7. d5 e5
8. Be2 $14 {Stohl,I-Hort,V Tilburg2 30' 1992 CBM/32}) 4. h3 $1 Bh5 5. Bd3 e6 (
5... Nc6 $5) 6. c4 $5 Be7 7. Nc3 Nc6 8. Be3 O-O 9. Qe2 Bg6 10. Rd1 d5 11. cxd5
exd5 12. e5 Ne4 13. O-O Qd7 14. Bc1 $1 f5 $2 (14... Nxc3 15. bxc3 Bxd3 16. Rxd3
Nd8 17. Nh2 Ne6 18. f4 f5 19. exf6 Bxf6 20. f5 $14) 15. Nxd5 $1 Bh5 16. Nf4
Bxf3 17. Bc4+ $1 Kh8 18. Qxf3 Ng5 (18... Nxd4 19. Qh5 $18) 19. Qh5 Qe8 20. Qe2
Bb4 21. Nd5 Ne6 22. Nxb4 Nxb4 23. d5 Nc5 24. a3 Nba6 25. b4 Ne4 26. Bb2 $18 Nb8
27. e6 Qe7 28. Bd3 Nd6 29. Qe5 b5 30. Rfe1 a5 31. Re3 axb4 32. axb4 Na6 33. Bc3
Rf6 34. Qf4 Rg6 35. Ra1 Qf8 36. Rg3 Kg8 37. h4 Ne8 1-0

[Event "Bad Mergentheim sim"]
[Site "Bad Mergentheim"]
[Date "1993.??.??"]
[Round "?"]
[White "Anand, Viswanathan"]
[Black "Olbrich, Marina"]
[Result "0-1"]
[WhiteElo "2710"]
[BlackElo "2245"]
[PlyCount "84"]
[EventDate "1993.??.??"]
[EventType "simul"]
[EventRounds "1"]
[EventCountry "GER"]
[SourceTitle "EXT 1998"]
[Source "ChessBase"]
[SourceDate "1997.11.17"]
[SourceVersion "1"]
[SourceVersionDate "1997.11.17"]
[SourceQuality "1"]

1. c4 Nf6 2. Nc3 g6 3. g3 c6 4. Bg2 d5 5. d4 Bg7 6. Nf3 Bf5 7. Qb3 Qb6 8. c5
Qxb3 9. axb3 Na6 10. O-O h6 11. Ne5 Nb4 12. Ra4 a5 13. Bd2 Nd7 14. Nxd7 Kxd7
15. e3 e5 16. e4 dxe4 17. Nxe4 Bxe4 18. Bxe4 exd4 19. Rfa1 Na6 20. Rxa5 Nc7 21.
b4 Rhe8 22. Rxa8 Nxa8 23. Bd3 Nc7 24. Ra7 Kc8 25. Bf4 Re1+ 26. Kg2 Nd5 27. Ra8+
Kd7 28. Bd6 Be5 29. Bxe5 Rxe5 30. Rf8 Re7 31. b5 Nb4 32. bxc6+ Kxc6 33. Bc4 d3
34. Bxf7 Rxf7 35. Rd8 Rd7 36. Rxd7 Kxd7 37. Kf1 Nc2 38. f4 Kc6 39. g4 Kxc5 40.
h4 Ne3+ 41. Ke1 Nxg4 42. Kd2 Kd4 0-1

[Event "Oviedo rapid"]
[Site "Oviedo"]
[Date "1993.??.??"]
[Round "6"]
[White "Anand, Viswanathan"]
[Black "Atalik, Suat"]
[Result "1/2-1/2"]
[WhiteElo "2710"]
[BlackElo "2535"]
[PlyCount "97"]
[EventDate "1993.??.??"]
[EventType "swiss (rapid)"]
[EventRounds "13"]
[EventCountry "ESP"]
[SourceTitle "CBM 038 Extra"]
[Source "ChessBase"]
[SourceDate "1994.03.01"]
[SourceVersion "1"]
[SourceVersionDate "1994.03.01"]
[SourceQuality "1"]

1. e4 c5 2. Nf3 d6 3. d4 cxd4 4. Nxd4 Nf6 5. Nc3 Nc6 6. Bg5 e6 7. Qd2 a6 8.
O-O-O h6 9. Be3 Be7 10. f3 Nxd4 11. Bxd4 b5 12. Kb1 Rb8 13. Qe3 Bd7 14. e5 dxe5
15. Bxe5 Qb6 16. Qf4 Rb7 17. Ne4 Nxe4 18. Qxe4 f5 19. Qe1 O-O 20. Bd3 Bf6 21.
Bxf6 Rxf6 22. Qd2 Bc6 23. Rhe1 Bd5 24. Qf4 Qa5 25. b3 Qc3 26. Re3 Qc6 27. Rc1
a5 28. c4 bxc4 29. Bxc4 Rb4 30. Rec3 Qb6 31. Qe5 Bxc4 32. Rxc4 Rxc4 33. Rxc4
Qg1+ 34. Rc1 Qxg2 35. Qf4 Qe2 36. Rc2 Qd3 37. Kb2 Kh7 38. Rd2 Qb5 39. a4 Qb7
40. Qe3 Rg6 41. Rc2 Qb4 42. Qc3 Qb6 43. Qc5 Qa6 44. Qb5 Qa8 45. Qc6 Qd8 46. Qc7
Qd4+ 47. Qc3 Qb6 48. Qc5 Qa6 49. Qb5 1/2-1/2

[Event "Oviedo rapid"]
[Site "Oviedo"]
[Date "1993.??.??"]
[Round "11"]
[White "Gomez Esteban, Juan Mario"]
[Black "Anand, Viswanathan"]
[Result "1-0"]
[WhiteElo "2410"]
[BlackElo "2710"]
[PlyCount "79"]
[EventDate "1993.??.??"]
[EventType "swiss (rapid)"]
[EventRounds "13"]
[EventCountry "ESP"]
[SourceTitle "CBM 038 Extra"]
[Source "ChessBase"]
[SourceDate "1994.03.01"]
[SourceVersion "1"]
[SourceVersionDate "1994.03.01"]
[SourceQuality "1"]

1. d4 Nf6 2. c4 e6 3. Nc3 Bb4 4. e3 c5 5. Nge2 cxd4 6. exd4 d5 7. a3 Be7 8. Nf4
dxc4 9. Bxc4 O-O 10. O-O Bd6 11. Nh5 Nbd7 12. Ba2 Qa5 13. Nf4 Rd8 14. Re1 Nf8
15. Qf3 Rb8 16. h3 b5 17. Nh5 N8d7 18. Bg5 Bb7 19. d5 Be7 20. Ne4 Bxd5 21. Bxd5
Nxd5 22. Qg3 Bxg5 23. Qxg5 g6 24. Red1 Rdc8 25. Rxd5 exd5 26. Nef6+ Nxf6 27.
Nxf6+ Kg7 28. Qe5 Qd8 29. Nh5+ Kh6 30. Nf6 Kg7 31. Nh5+ Kf8 32. Re1 f6 33. Nxf6
Rb7 34. Ng4 Rg7 35. Nh6 Rc6 36. g4 d4 37. g5 Rcc7 38. Re4 Rce7 39. Qf6+ Ke8 40.
Qxg7 1-0

[Event "Linares 11th"]
[Site "Linares"]
[Date "1993.??.??"]
[Round "3"]
[White "Anand, Viswanathan"]
[Black "Ivanchuk, Vassily"]
[Result "1-0"]
[WhiteElo "2710"]
[BlackElo "2710"]
[Annotator "Anand,V"]
[PlyCount "55"]
[EventDate "1993.02.??"]
[EventType "tourn"]
[EventRounds "13"]
[EventCountry "ESP"]
[EventCategory "18"]
[SourceTitle "CBM 034"]
[Source "ChessBase"]
[SourceDate "1993.06.01"]
[SourceVersion "1"]
[SourceVersionDate "1993.06.01"]
[SourceQuality "1"]

1. e4 e5 2. Nf3 Nf6 3. d4 Nxe4 4. Bd3 d5 5. Nxe5 Nd7 6. Nxd7 Bxd7 7. O-O Qh4 8.
c4 O-O-O 9. c5 g5 10. Nc3 Bg7 11. g3 Qh3 12. Nxe4 dxe4 13. Bxe4 Bb5 14. Bg2 $1
$146 (14. Bxg5 Rxd4 15. Bg2 Qf5) 14... Qf5 15. Be3 $1 Bxf1 16. Bxf1 $44 {
^^ /\ Qa4 ,Rd1-d3 O} Rhe8 17. Qa4 Kb8 (17... Rxe3 18. fxe3 Qe4 19. Qb3 $1 (19.
Re1 Bxd4) 19... Rxd4 (19... Re8 20. Re1 Bxd4 21. Bg2 $18) 20. Bg2 $18) 18. Rd1
c6 (18... Rxe3 19. fxe3 Qe4 20. Rd3 $16) 19. Rd3 Qe4 20. Ra3 a6 21. Bd3 (21.
Bxa6 Rxd4 $1 22. Bxd4 Bxd4 23. Bf1 Bxc5 (23... Bxb2 24. Qa7+ Kc7 25. Rb3 $18)
24. Qa8+ Kc7 25. Qa5+ Bb6 26. Qxg5 Re5 $1 $132) 21... Qg4 $2 (21... Qd5 $1 {
קc6} 22. Bc4 (22. Bxa6 Bxd4 23. Bxb7 (23. Rb3 Rd7 24. Bxd4 Re1+ (24... Qxd4
25. Rxb7+) 25. Bf1 Qxd4) 23... Bxc5 $3 (23... Bxe3 24. Qa7+ Kc7 25. Qb6+ Kd7
26. Bxc6+ $18) 24. Qa8+ Kc7 25. Qa5+ Kxb7 26. Bxc5 Qd1+ 27. Kg2 Qd5+ 28. Kg1 (
28. f3 $2 Re2+ 29. Kh3 Qe6+ $19) (28. Kh3 Qf5+ $10) (28. Rf3 Ra8 29. Qb4+ (29.
Qb6+ Kc8 {צf3}) 29... Kc8 $13) 28... Qd1+ $10) (22. Rb3 $6 Bxd4 23. Bxd4 Re1+
24. Bf1 Qxd4 25. Rxb7+ Kxb7 26. Qxa6+ Kc7 27. Qa5+ Kd7 28. Qxe1 Qxb2 $13) 22...
Qe4 $10) 22. Rb3 $1 Bxd4 $2 (22... Re7 23. Rb4 $1 $16) (22... Rd7 23. Bxa6 (23.
Qxc6) (23. Rb4 $2 Rxe3 24. fxe3 Qf3 $15) 23... Bxd4 24. Qxc6 Qd1+ 25. Kg2 Qxb3
26. Qxd7 $18) 23. Rxb7+ Kxb7 24. Qxa6+ Kb8 25. Qb6+ Ka8 26. Qxc6+ Kb8 27. Qb6+
Ka8 28. Bb5 (28. Bb5 Rc8 29. Bc6+ Rxc6 30. Qxc6+ Ka7 31. Qxe8 $18) 1-0

[Event "Linares 11th"]
[Site "Linares"]
[Date "1993.??.??"]
[Round "12"]
[White "Anand, Viswanathan"]
[Black "Bareev, Evgeny"]
[Result "1-0"]
[WhiteElo "2710"]
[BlackElo "2670"]
[Annotator "Anand,V"]
[PlyCount "61"]
[EventDate "1993.02.??"]
[EventType "tourn"]
[EventRounds "13"]
[EventCountry "ESP"]
[EventCategory "18"]
[SourceTitle "CBM 034"]
[Source "ChessBase"]
[SourceDate "1993.06.01"]
[SourceVersion "1"]
[SourceVersionDate "1993.06.01"]
[SourceQuality "1"]

1. e4 {Knaak} e6 2. d4 d5 3. Nc3 Nf6 4. e5 Nfd7 5. f4 c5 6. Nf3 a6 7. Be3 b5 {
I'm not sure why Nc6 is delayed (this game and Kamsky-Ivanchuk Tilburg 1992)}
8. Qd2 Be7 (8... Bb7 {Knaak} 9. Bd3 b4 10. Nd1 Nc6 11. O-O cxd4 12. Nxd4 Be7
13. Rf3 O-O 14. Rh3 g6 15. Nf2 {Kamsky-Ivanchuk/Tilburg/1992}) 9. Bd3 g6 {
and this is really asking a bit too much of Balck's position.Of course the
position is somewhat closed but black cannot neglect his development} 10. O-O
Bb7 11. Nd1 {forcing Black to take or White plays c2-c3 and moves his knight
to g4} cxd4 12. Nxd4 Nc5 13. b4 $1 {@} Na4 (13... Nxd3 14. cxd3 Nc6 15. Rb1 $14
) (13... Ne4 14. Qe1 {פe4 /\a4} (14. Bxe4 {Knaak} dxe4 $14)) 14. c3 Nb6 $1 15.
Bf2 Qc7 16. Nb2 Nc4 17. Qe2 Nc6 $2 (17... Na3 $1 {Though this hardly helps
Black's devlopment it is imperative to delay a4 and this seems to do the job
for a few moves}) 18. a4 $16 Nxd4 19. Bxd4 Bc6 $2 {A loss of tempo when Black
can ill afford it} (19... O-O $8 20. Nd1 (20. a5 Nxb2 (20... f6 $5 21. exf6
Bxf6 22. Qxe6+ Kg7 $44) 21. Qxb2 f5) 20... bxa4 21. Nf2 $1 $40 f6 (21... Bc6
22. Ng4 $16) 22. exf6 Bxf6 23. Bxf6 Rxf6 24. Ng4) (19... Nxb2 {Knaak} 20. Qxb2
bxa4 21. Rxa4 {>< Pa6}) 20. axb5 axb5 21. Rxa8+ Bxa8 22. Nxc4 $1 bxc4 (22...
dxc4 23. Be4 O-O (23... Bxe4 {Knaak} 24. Qxe4 O-O 25. Ra1 $18) 24. Ra1 $18 {
+- may seem a strong evaluation but I don't see hope for Black here}) 23. Bc2
Bc6 24. Qe3 $1 {anticipating 24...0-0} (24. Ra1 $16 {Knaak}) 24... O-O 25. f5
exf5 (25... Ra8 {Knaak} 26. f6 Bf8 27. h4 $16) 26. Bxf5 Qd8 (26... gxf5 $4 27.
Qg3+ $18 (27. Qg3+ {Knaak} Kh8 28. e6+ f6 29. Qxc7 $18)) (26... Ra8 {Knaak} 27.
e6 $1 gxf5 28. exf7+ Kxf7 29. Qh6 Ke8 30. Qxh7 Ra2 31. Re1 Kd8 32. Qg8+ Kd7 33.
b5 $1 Ba8 34. Qe6+ Kd8 35. b6 Qd6 36. b7 $1 Qxe6 (36... Bxb7 37. Bb6+ Ke8 38.
Qxd6 $18) 37. b8=Q+ Kd7 (37... Qc8 38. Bb6+ Kd7 39. Rxe7+ Kxe7 40. Qxc8 $18)
38. Rxe6 Kxe6 39. Qc8+ $18) 27. Bg4 $1 {to help with e6. The bishop has no
more work on the /^ b1-h7} Bg5 28. Qe2 h5 {Allows 28.Bh5 but this is already
bad for Black} (28... Bd7 29. e6 $18) (28... Qe7 29. Bc5) (28... Re8 29. e6 (
29. g3 f5 30. Bxf5 gxf5 31. Rxf5 Re6) (29. Qf3 Qe7 30. g3 $18) 29... f6 30. g3)
29. Bxh5 gxh5 30. Qxh5 Be8 (30... Qe7 31. h4 $1 (31. Rf5 $2 f6 32. exf6 Qe1+
33. Rf1 Be3+ 34. Bxe3 Qxe3+ 35. Kh1 Rxf6 $1 $17) (31. e6 f6 32. h4) 31... Bxh4
(31... Bd2 {Knaak} 32. Rf3 $18) 32. Rf4 $18) 31. Rf6 $1 $18 (31. Rf6 Bc1 (31...
Bd2 {Knaak} 32. e6 Be3+ 33. Kh1 Qxf6 34. Bxf6 $18) 32. e6) 1-0

[Event "Amber-rapid 02nd"]
[Site "Monte Carlo"]
[Date "1993.03.26"]
[Round "1"]
[White "Short, Nigel D"]
[Black "Anand, Viswanathan"]
[Result "1-0"]
[WhiteElo "2655"]
[BlackElo "2710"]
[PlyCount "81"]
[EventDate "1993.03.26"]
[EventType "tourn (rapid)"]
[EventRounds "11"]
[EventCountry "MNC"]
[EventCategory "15"]
[SourceTitle "CBM 034 Extra"]
[Source "ChessBase"]
[SourceDate "1993.07.01"]
[SourceVersion "1"]
[SourceVersionDate "1993.07.01"]
[SourceQuality "1"]

1. e4 c5 2. Nf3 d6 3. d4 cxd4 4. Nxd4 Nf6 5. Nc3 a6 6. Be3 e5 7. Nf3 Be7 8. Bc4
Nc6 9. O-O O-O 10. Re1 h6 11. a3 Be6 12. Nd5 b5 13. Ba2 Rc8 14. Nd2 Bxd5 15.
exd5 Nb8 16. c4 Nbd7 17. b4 Nb6 18. Rc1 bxc4 19. Bxb6 Qxb6 20. Nxc4 Qb5 21. Na5
Rxc1 22. Qxc1 Bd8 23. Nc6 Qb7 24. a4 Nd7 25. a5 Bg5 26. Qc4 f5 27. Rb1 e4 28.
b5 axb5 29. Rxb5 Qa8 30. Qe2 Re8 31. Bc4 Ne5 32. Nxe5 Rxe5 33. a6 Re7 34. Qb2
Kh7 35. Rb7 Bf6 36. Qxf6 gxf6 37. Rxe7+ Kg6 38. a7 h5 39. h4 f4 40. Bb5 Qxd5
41. Re8 1-0